000 00631nam a22002057a 4500
999 _c21062
_d21062
003 AR-CdUCM
008 190726b ||||| |||| 00| 0 spa d
020 _a99729651-1-2
040 _aMUNICIPALIDAD PROVINCIAL DEL CUSCO
_cBIBLIOTECA MUNICIPAL DEL CUSCO
082 _aES / 865.6 /
_bC41
100 _aCcoyo Ch´ipa, Gregorio
_943857
245 _aAtuqmantawan uwihiramantawan /
260 _aCusco :
_bAsociación Pukllasunchis,
_c2001.
300 _a20 páginas ;
_bilustraciones ;
_c21 cm.
500 _aTexto en quechua
650 _aCuentos andinos
_966
650 _aLiteratura
_983
942 _2ddc
_cLIBROS
945 _azta